| 000 | 00537cam a22001457a 4500 | ||
|---|---|---|---|
| 008 | 180718b2004 xxu||||| |||| 00| 0 eng d | ||
| 082 | _aAPPPA 2003-04 MAN/21 | ||
| 100 | _aMankikar, Jayant S. | ||
| 245 |
_aInformation warfare at the strategic level and implications on future wars _cby Jayant S. Mankikar |
||
| 260 |
_aNew Delhi _bIndian Institute of Public Administration _c2004 |
||
| 300 | _a127p. | ||
| 500 | _aAn APPPA M.Phil dissertation, 2003-04 (Guide: Dr. R.K. Sachdeva) | ||
| 650 | _aInformation revolution | ||
| 650 | _aWarfare | ||
| 999 |
_c492932 _d492932 |
||